WWII Figures by Picture - Statistics

General Stats
  • This quiz has been taken 50,738 times
    50,002 since last reset
  • The average score is 9 of 16
Answer Stats
Picture Answer % Correct
Adolf Hitler
100%
Joseph Stalin
96%
Winston Churchill
92%
Franklin D. Roosevelt
87%
Benito Mussolini
84%
Dwight D. Eisenhower
75%
Hirohito
72%
Charles de Gaulle
58%
Erwin Rommel
52%
Douglas MacArthur
50%
Bernard Montgomery
37%
Hermann Göring
36%
Georgy Zhukov
28%
Hideki Tojo
28%
Philippe Pétain
27%
Chiang Kai-shek
22%
No matching quizzes found
Score Distribution
Percent of People with Each Score
Percentile by Number Answered
Your Score History
You have not taken this quiz since the last reset